000 01654nam a2200397Ia 4500
001 ebr10428810
003 CaPaEBR
006 m u
007 cr cn|||||||||
008 100422s2010 enka sb 001 0 eng d
020 _z9781848853263 (cased)
020 _z1848853262 (cased)
040 _aCaPaEBR
_cCaPaEBR
035 _a(OCoLC)698371420
050 1 4 _aJN30
_b.S449 2010eb
082 0 4 _a351.409045
_222
100 1 _aSeidel, Katja.
245 1 4 _aThe process of politics in Europe
_h[electronic resource] :
_bthe rise of European elites and supranational institutions /
_cKatja Seidel.
260 _aLondon ;
_aNew York :
_bTauris Academic Studies,
_c2010.
300 _axvi, 245 p. :
_bill.
490 1 _aLibrary of European studies ;
_vv. 14
504 _aIncludes bibliographical references and index.
533 _aElectronic reproduction.
_bPalo Alto, Calif. :
_cebrary,
_d2011.
_nAvailable via World Wide Web.
_nAccess may be limited to ebrary affiliated libraries.
610 2 0 _aEuropean Coal and Steel Community.
610 2 0 _aEuropean Economic Community.
610 2 0 _aEuropean Union.
650 0 _aPublic administration
_zEurope
_xHistory
_y20th century.
650 0 _aCivil service
_zEurope.
650 0 _aElite (Social sciences)
_zEurope.
650 0 _aSupranationalism
_zEurope
_xHistory
_y20th century.
651 0 _aEurope
_xPolitics and government
_y1945-
655 7 _aElectronic books.
_2local
710 2 _aebrary, Inc.
830 0 _aLibrary of European studies ;
_vv. 14.
856 4 0 _uhttp://site.ebrary.com/lib/rucke/Doc?id=10428810
_zAn electronic book accessible through the World Wide Web; click to view
999 _c232584
_d232584